| 000 | 03978cam a22007454a 4500 | ||
|---|---|---|---|
| 001 | muse86115 | ||
| 003 | MdBmJHUP | ||
| 005 | 20210127151710.0 | ||
| 006 | m o d | ||
| 007 | cr||||||||nn|n | ||
| 008 | 191107s2020 mau o 00 0 eng d | ||
| 010 | _z 2019954609 | ||
| 020 | _a9781643150109 | ||
| 020 | _z9781643150093 | ||
| 035 | _a(OCoLC)1154311137 | ||
| 040 |
_aMdBmJHUP _cMdBmJHUP |
||
| 100 | 1 |
_aAndersen, Betsy, _eauthor. |
|
| 245 | 1 | 0 |
_aExtraordinary Partnerships _bHow the Arts and Humanities are Transforming America / _cChristine Henseler, Betsy Andersen, Amar Bakshi, Charles R. Batson, Chantal Bilodeau, Jennifer Burkhart, Elise Chambers, Julia Chiapella, Antonio Copete, Cook Inlet Tribal Council, Inc., Emily Davidson, Ella Maria Diaz, Jodi Enos-Berlage, Ari W. Epstein, Brittany Freitas-Murrell, Susan Frost, Jessica Fujimori, Margaret Graham, Anisha Gururaj, Madeleine Fuchs Holzer, Amy K. Hamlin, Jane Hawley, Julia Hotz, Rebecca Kamen, Luke Keller, Claudia Lampman, Christina Lanzl, Gemma Mangione, Emily Moberg, Bailey Reutzel, Doris Sommer, Rebecca Volino Robinson, Amanda Zold. |
| 264 | 1 | _bLever Press, | |
| 264 | 3 | _bProject MUSE, | |
| 300 | _a1 online resource (pages cm) | ||
| 506 | 0 |
_aOpen Access _fUnrestricted online access _2star |
|
| 520 |
_a"This inspirative and hopeful collection demonstrates that the arts and humanities are entering a renaissance that stands to change the direction of our communities. Community leaders, artists, educators, scholars, and professionals from many fields show how they are creating responsible transformations through partnership in the arts and humanities. The diverse perspectives that come together in this book teach us how to perceive our lives and our disciplines through a broader context. The contributions exemplify how individuals, groups, and organizations use artistic and humanistic principles to explore new structures and novel ways of interacting to reimagine society. They refresh and reinterpret the ways in which we have traditionally assigned space and value to the arts and humanities"-- _cProvided by publisher. |
||
| 588 | _aDescription based on print version record. | ||
| 655 | 7 |
_aElectronic books. _2local |
|
| 700 | 1 |
_aZold, Amanda, _eauthor. |
|
| 700 | 1 |
_aVolino Robinson, Rebecca, _eauthor. |
|
| 700 | 1 |
_aSommer, Doris, _eauthor. |
|
| 700 | 1 |
_aReutzel, Bailey, _eauthor. |
|
| 700 | 1 |
_aMoberg, Emily, _eauthor. |
|
| 700 | 1 |
_aMangione, Gemma, _eauthor. |
|
| 700 | 1 |
_aLanzl, Christina, _eauthor. |
|
| 700 | 1 |
_aLampman, Claudia, _eauthor. |
|
| 700 | 1 |
_aKeller, Luke, _eauthor. |
|
| 700 | 1 |
_aKamen, Rebecca, _eauthor. |
|
| 700 | 1 |
_aHotz, Julia, _eauthor. |
|
| 700 | 1 |
_aHawley, Jane, _eauthor. |
|
| 700 | 1 |
_aHamlin, Amy K., _eauthor. |
|
| 700 | 1 |
_aFuchs Holzer, Madeleine, _eauthor. |
|
| 700 | 1 |
_aGururaj, Anisha, _eauthor. |
|
| 700 | 1 |
_aGraham, Margaret, _eauthor. |
|
| 700 | 1 |
_aFujimori, Jessica, _eauthor. |
|
| 700 | 1 |
_aFrost, Susan, _eauthor. |
|
| 700 | 1 |
_aFreitas-Murrell, Brittany, _eauthor. |
|
| 700 | 1 |
_aEpstein, Ari W., _eauthor. |
|
| 700 | 1 |
_aEnos-Berlage, Jodi, _eauthor. |
|
| 700 | 1 |
_aDiaz, Ella Maria, _eauthor. |
|
| 700 | 1 |
_aDavidson, Emily, _eauthor. |
|
| 700 | 1 |
_aCopete, Antonio, _eauthor. |
|
| 700 | 1 |
_aChiapella, Julia, _eauthor. |
|
| 700 | 1 |
_aChambers, Elise, _eauthor. |
|
| 700 | 1 |
_aBurkhart, Jennifer, _eauthor. |
|
| 700 | 1 |
_aBilodeau, Chantal, _eauthor. |
|
| 700 | 1 |
_aBatson, Charles R., _eauthor. |
|
| 700 | 1 |
_aBakshi, Amar, _eauthor. |
|
| 700 | 1 |
_aHenseler, Christine, _eeditor. |
|
| 710 | 2 |
_aCook Inlet Tribal Council, Inc. (Anchorage, Alaska), _eauthor. |
|
| 710 | 2 |
_aProject Muse. _edistributor |
|
| 830 | 0 | _aBook collections on Project MUSE. | |
| 856 | 4 | 0 |
_zFull text available: _uhttps://muse.jhu.edu/book/75472/ |
| 999 |
_c26689 _d26689 |
||